Quizzes
Events
Quiz Creation
Community
Videos
Private Events
Remove Ads
Sign In
Join for FREE
Feedback
Dark Mode
Quiz Categories
Sports
Geography
Music
Movies
Television
Just For Fun
Miscellaneous
History
Literature
Language
Science
Gaming
Entertainment
Religion
Holiday
For Kids
Quiz Lab
Recent
Popular Today
Quiz Kudos Today
Editor Picks
Curator Picks
Quizzes by...
Day
Popularity
Type
Ratings
Length
Year
Community
Subscriptions
Recent Discussions
Orange Saloon
Badges
Playlists
Quests
Create
Leaderboards
Showdown
Live 5
Trivia Bingo
Activity
Puzzle Library
Sporcle Events
Private Events
Virtual Trivia
Globe League
Become a Host
Pub Owners
SporcleCon
Opinionation
Our Games
Videos
Blog
Mobile Apps
Partnerships
Remove Ads and Go Orange
Feedback
Entertainment
Celebrity
Famous
Musical
Broadway
Show
Quote
Comic Books
Anime
Superhero
DC Comics
Marvel
Cartoons
Animation
Entertainment
Celebrity
Famous
Musical
Broadway
Show
Quote
Comic Books
Anime
Superhero
DC Comics
Marvel
Cartoons
Animation
Random Quiz
Search Sporcle
×
Quiz Lab
Quiz Lab
Entertainment
This or That
Type in answers that appear in a list
Type in answers that appear in a list
Classic
Best Score? Go Orange.
Should You Trust That Doctor? Stats
Should You Trust Them? Type Yes (Y) or No (N) for each Doctor (List by College Humor)
By
georgieburgess
3m
25 Questions
387 Plays
387 Plays
387 Plays
Comments
Comments
Give Quiz Kudos
Give Quiz Kudos
-
- Ratings
hide this ad
Forced Order
Answers have to be entered in order
Answers have to be entered in order
Wrong Answers
Some wrong answers will appear in red
Some wrong answers will appear in red
Random Order
Randomize order of answers
Randomize order of answers
Replay
Link that replays current quiz
Next Quiz
Link to next quiz in quiz playlist
You Got
0%
They Got
Avg Score
70%
Avg Friend Score
Upgrade to see
Score Distribution
Jump to the score distribution portion of the page
Score
0/25
Timer
03:00
0
Plays Today
Doctor
Trust or Run
% Correct
Dr. Quinn
(Medicine Woman, TV Series)
???
86.8%
Dr. Evil
(Austin Powers Movies)
???
86.8%
Doogie Howser, M.D.
(TV Series)
???
86.3%
Doctor Octopus
(Marvel Comics)
???
86%
Dr. Hannibal Lecter
(Silence of the Lambs)
???
85.3%
The Doctor
(Doctor Who, TV Series)
???
84.8%
J.D. (Zach Braff)
(Scrubs, TV Series)
???
82.7%
Doctor Robotnik
(Sonic the Hedgehog Games)
???
82.4%
Dr. Horrible
(Dr. Horrible's Sing-
Along Blog)
???
79.3%
Doc Brown
(Back to the Future)
???
77.5%
Dr. Huxtable
(The Cosby Show)
???
74.4%
Doc
(Snow White and the Seven Dwarfs)
???
71.8%
Dr. Seuss
(Writer)
???
70.5%
Doctor
Trust or Run
% Correct
Dr. Spaceman
(30 Rock)
???
70.3%
Doctor Strange
(Marvel Comics)
???
69%
Doctor Venture
(The Venture Bros.)
???
66.4%
Dr. Fishman
(The Literal Doctor, Arrested Development)
???
62.8%
Dr. Bunsen Honeydew
(The Muppet Show)
???
62.5%
Dr. Oz
(The Dr. Oz Show)
???
61.2%
Zoidberg
(Futurama)
???
59.7%
Dr Pepper
(Soft Drink)
???
56.1%
Dr. Phil
(TV Series)
???
55.8%
Dr. Dre
(Rapper)
???
54.3%
Dr. Mario
(Nintendo Games)
???
47%
Spin Doctors
(Rock Band)
???
40.6%
Quiz Playlist
Details
Report
Send in Message
Add To Playlist
Classic:
Type in answers that appear in a list
Forced Order:
Answers have to be entered in order
Wrong Answers:
Some wrong answers will appear in red
Random Order:
Randomize order of answers
Quiz Source
Last Updated: Feb 16, 2017
Quiz Scoreboard
CHALLENGE
Sign Up to Join the Scoreboard
Show All
Scores
Hide
Comments
May contain spoilers
Recently Published
Billboard Blitz: Fleetwood Mac
by CooCooCachoo
Music
15s
Presidents Visiting Landmarks
by Hejman
History
7m
An Introduction to Baseball
by treessimontrees
Sports
5m
More to Explore
Quiz From the Vault
Featured Blog Post
Where Did the Easter Bunny Come From?
hide this ad
You Might Also Like...
Tags
College Quiz
Humor Quiz
This or That Quiz
doctor
run
trust
Yes
Today's Top Quizzes in Entertainment
Browse Entertainment
hide this ad
Today's Top Quizzes in This or That
Browse This or That
Top Contributed Quizzes in Entertainment
1
7-to-1: DC Comics Villains
2
Marvel Characters Bunker
3
Eurovision 2023 Logic Puzzle
4
Dragon Ball Z: Goku's Fights in Order
5
Criteria Quickie: Cartoon Taxonomy II
6
Sorting Pictures: Villains
7
Kamen Rider Motifs
8
Fictional Villains Letter U Blitz
9
Mini Trivia Sudoku: Musicals
10
Dragon Ball Z: Mega Character Search
Explore More
Trending Topics
Disney
Marvel
Anime
NBA
Crossword
Kpop
Harry Potter
WWE
NFL
Country
Song
Pokémon
Soccer
The Office
Puzzle
hide this ad
More By:
georgieburgess
Quiz
Plays
Rating
Category
Featured
Created
Surnames by Any 3 Letters (USA)
118,841
4.71
Miscellaneous
Aug 26, 2014
One Word EPL Teams
94,599
4.32
Sports
Mar 7, 2016
US Presidents Aged 80+
85,171
4.44
History
May 24, 2010
Celebrities as Ordinary People
84,400
4.11
Just For Fun
Jul 19, 2014
20 Famous Construction Projects
72,406
4.36
History
Mar 25, 2011
Go to Creator's Profile
Score Distribution
Quiz Creator Spotlight
georgieburgess
Follow
Send a Message
Quizzes Created
-
Created Quiz Play Count
-
More By This Creator
Popular Quizzes Today
1
Find the US States - No Outlines Minefield
2
Find the Countries of Europe - No Outlines Minefield
3
The Countries of the World
4
Find the US States
5
Risky Map Clicking: Biggest States A-Z
6
US States
7
Popular People in 1961
8
Movies - When Are They Set?
More Entertainment Quizzes
Comic Characters by Cover Artists Part 13 (Gil Kane)
Quiz Lab
Trending Quizzes
Risky Map Clicking: Least Populous States A-Z
1-10 Letter G Words
1-10 Letter F Words
Risky Map Clicking: Next State Alphabetically
Risky Map Clicking: Biggest States A-Z
Recently Updated
Leaping Animals
pecheneg
Reality TV Shows (A-Z)
bhenderson79
Rickey Henderson's Hall of Fame Teammates
pecheneg
Champions League XIs: Arsenal
pecheneg
Quick Pick: Celebrities in WWE's Hall of Fame
aduchscher
A-Z Keypad Blitz II
pecheneg
Multiple Oscar Actors
pecheneg
Mystery Phrase Blitz: Oscar 'Best Actors'
pecheneg
F. Scott Fitzgerald Novels
LTH
Pick 3 Villains
ddd62291
Trending Topics
Anime
Marvel
Harry Potter
Disney
NBA
Kpop
Crossword
Puzzle
NFL
The Office
WWE
Pokémon
Soccer
Song
Country
Your Account Isn't Verified!
In order to create a playlist on Sporcle, you need to verify the email address you used during registration. Go to your
Sporcle Settings
to finish the process.
Report this User
Report this user for behavior that violates our
Community Guidelines
.
Details:
Send Report
Go to the Sporcle.com Mobile Site →
Comments